000 00917aam a2200289 i 4500
001 13735
003 CO-MdFUSB
005 20230828094204.0
007 ta
008 230721t2005 us ||||g |||| 00| 0 spa d
020 _a9780825415340
040 _bspa
_cCO-MdFUSB
041 0 _aspa
082 0 4 _223
_a262.7
_bM1161p
100 1 _aMacArthur Jr., John F. (1939-)
240 4 _aThe Master´s plan for the church
245 0 2 _aEl Plan del Señor para la iglesia
_c/ John MacArthur ; José Luis Martínez, Traductor
260 1 _aGrand Rapids, Michigan ;
_bPortavoz,
_c[2005]
264 4 _c©2005
300 _a276 páginas
_c; 22 cm
336 _atexto
_btxt
_2rdacontent
337 _2rdamedia
_asin mediación
_bn
338 _2rdacarrier
_avolumen
_bnc
505 0 _aLa anatomía de una iglesia -- La iglesia dinámica -- Las cualidades de un siervo excelente
650 7 _9655
_aIglesia
942 _cBK
999 _c42680
_d42680